[Event "8MCR_4D_1L_3S"]
[Site "?"]
[Date "2008.??.??"]
[Round "?"]
[White "Ertl, Lubos"]
[Black "Cerveny, Libor"]
[Result "1-0"]
[WhiteElo "1889"]
[BlackElo "2043"]
[PlyCount "93"]
[EventDate "2008.??.??"]
[EventType "corr"]

1. e4 e6 2. d4 d5 3. Nc3 Bb4 4. e5 c5 5. a3 Ba5 6. b4 cxd4 7. Nb5 Bc7 8. f4 Ne7
9. Nf3 Bd7 10. Nxc7+ Qxc7 11. Bd3 Nbc6 12. O-O a6 13. Bb2 Qb6 14. Kh1 Ng6 15.
Qd2 O-O 16. Rae1 Rac8 17. Qf2 Qc7 18. Nxd4 Nxd4 19. Bxd4 Bb5 20. g4 Rfe8 21.
Qg3 Bxd3 22. cxd3 Ne7 23. f5 Nc6 24. Bc5 Kh8 25. Qf4 exf5 26. Bd6 Qd8 27. gxf5
f6 28. d4 Na7 29. exf6 gxf6 30. Re6 Nc6 31. a4 Qd7 32. b5 axb5 33. axb5 Rxe6
34. fxe6 Qxe6 35. bxc6 bxc6 36. Qxf6+ Qxf6 37. Rxf6 Kg7 38. Be5 Kg8 39. Kg2 c5
40. dxc5 Rxc5 41. Rf8+ Kxf8 42. Bd6+ Kf7 43. Bxc5 Ke6 44. Kg3 Ke5 45. Kg4 Ke4
46. h4 d4 47. h5 1-0

[Event "8MCR_4D_1L_3S"]
[Site "?"]
[Date "2008.??.??"]
[Round "?"]
[White "Ertl, Lubos"]
[Black "Gubas, Jan"]
[Result "1-0"]
[WhiteElo "1889"]
[BlackElo "2317"]
[PlyCount "119"]
[EventDate "2008.??.??"]
[EventType "corr"]

1. e4 e5 2. Nf3 Nc6 3. Bb5 a6 4. Ba4 Nf6 5. O-O Be7 6. Re1 b5 7. Bb3 O-O 8. c3
d6 9. h3 Na5 10. Bc2 c5 11. d4 Qc7 12. Nbd2 cxd4 13. cxd4 Bd7 14. Nf1 Rac8 15.
Ne3 Nc6 16. d5 Nb4 17. Bb1 a5 18. a3 Na6 19. b4 axb4 20. axb4 Qb7 21. Bd2 Ra8
22. Bd3 Nc7 23. Nc2 Ra4 24. Rxa4 bxa4 25. Na3 Rb8 26. Nc4 Qc8 27. Na5 Na6 28.
Qc1 Qxc1 29. Rxc1 Nxb4 30. Bxb4 Rxb4 31. Nc6 Rb3 32. Nxe7+ Kf8 33. Nc8 Ne8 34.
Bc2 Rb2 35. Na7 a3 36. Ne1 a2 37. Ra1 f5 38. f3 Nf6 39. Nc6 fxe4 40. fxe4 Ke8
41. Na5 Bb5 42. Kh2 Kd7 43. Bb3 Nxe4 44. Rxa2 Rxa2 45. Bxa2 Nc3 46. Bb3 Kc7 47.
Nc4 Bxc4 48. Bxc4 Kb6 49. Nd3 g5 50. Kg3 e4 51. Kg4 Nd1 52. Kxg5 Ne3 53. Nf2
Nxc4 54. Nxe4 Ne3 55. g4 Nxd5 56. h4 Kc6 57. Kh6 Nf4 58. Kxh7 Kd5 59. Ng3 Ke5
60. g5 1-0

[Event "8MCR_4D_1L_3S"]
[Site "?"]
[Date "2008.??.??"]
[Round "?"]
[White "Ertl, Lubos"]
[Black "Houdek, Vladimir"]
[Result "1/2-1/2"]
[WhiteElo "1889"]
[BlackElo "2139"]
[PlyCount "48"]
[EventDate "2008.??.??"]
[EventType "corr"]

1. e4 e5 2. Nf3 Nc6 3. Bb5 a6 4. Ba4 Nf6 5. O-O Be7 6. Re1 b5 7. Bb3 d6 8. c3
O-O 9. h3 Na5 10. Bc2 c5 11. d4 Nd7 12. Nbd2 exd4 13. cxd4 Nc6 14. d5 Nce5 15.
Nxe5 Nxe5 16. f4 Ng6 17. Nf3 Bh4 18. Nxh4 Qxh4 19. f5 Ne5 20. Rf1 Bd7 21. Bf4
Rfe8 22. a3 a5 23. Qc1 h6 24. Qe1 Qxe1 1/2-1/2

[Event "8MCR_4D_1L_3S"]
[Site "?"]
[Date "2008.??.??"]
[Round "?"]
[White "Ertl, Lubos"]
[Black "Hrdy, Roman"]
[Result "1/2-1/2"]
[WhiteElo "1889"]
[BlackElo "2259"]
[PlyCount "92"]
[EventDate "2008.??.??"]
[EventType "corr"]

1. e4 c5 2. Nf3 d6 3. d4 cxd4 4. Nxd4 Nf6 5. Nc3 a6 6. Be3 e5 7. Nb3 Be6 8. f3
Be7 9. Qd2 O-O 10. O-O-O a5 11. Bb5 Na6 12. Qe2 Qb8 13. g4 Rc8 14. g5 Nh5 15.
Kb1 a4 16. Nxa4 Nb4 17. Nc3 Rxc3 18. bxc3 Nxa2 19. Kb2 Nf4 20. Qd2 d5 21. Ra1
d4 22. Bxd4 exd4 23. Rxa2 Rxa2+ 24. Kxa2 dxc3 25. Qxc3 Bxg5 26. Kb1 Bf6 27. Qc5
h6 28. Rd1 Bxb3 29. cxb3 Ng6 30. h4 Qh2 31. e5 Bxe5 32. Qc2 Qxh4 33. Bc4 b5 34.
Qxg6 bxc4 35. Qf5 Qe7 36. Re1 f6 37. Qc8+ Kh7 38. Qxc4 Qa3 39. Kc2 Qa7 40. b4
g5 41. b5 Kg7 42. Rxe5 fxe5 43. Qd5 Qb6 44. Qc6 Qf2+ 45. Kb3 h5 46. b6 Qe3+
1/2-1/2

[Event "8MCR_4D_1L_3S"]
[Site "?"]
[Date "2008.??.??"]
[Round "?"]
[White "Ertl, Lubos"]
[Black "Peroutik, Jiri"]
[Result "1-0"]
[WhiteElo "1889"]
[BlackElo "1845"]
[PlyCount "51"]
[EventDate "2008.??.??"]
[EventType "corr"]

1. e4 e6 2. d4 d5 3. Nc3 Nf6 4. e5 Nfd7 5. f4 c5 6. Nf3 Nc6 7. Be3 Qb6 8. Na4
Qa5+ 9. c3 c4 10. b4 Nxb4 11. cxb4 Bxb4+ 12. Kf2 b5 13. Nc5 Bc3 14. Bd2 Nxc5
15. dxc5 Bxd2 16. Qxd2 Qa3 17. c6 Qc5+ 18. Nd4 b4 19. Be2 Ba6 20. Qe3 O-O 21.
Rhb1 Rab8 22. f5 Kh8 23. a3 b3 24. Nxb3 Qxc6 25. Qc5 Qd7 26. Nd4 1-0

[Event "8MCR_4D_1L_3S"]
[Site "?"]
[Date "2008.??.??"]
[Round "?"]
[White "Ertl, Lubos"]
[Black "Portych, Vaclav"]
[Result "1/2-1/2"]
[WhiteElo "1889"]
[BlackElo "2187"]
[PlyCount "103"]
[EventDate "2008.??.??"]
[EventType "corr"]

1. e4 c5 2. Nf3 Nc6 3. Bb5 d6 4. O-O Bd7 5. Re1 Nf6 6. c3 a6 7. Bf1 Bg4 8. d3
e6 9. Nbd2 Be7 10. h3 Bh5 11. g4 Bg6 12. Nh4 Nd7 13. Ng2 h6 14. f4 Bh7 15. Nf3
O-O 16. Ne3 b5 17. Bg2 c4 18. d4 Bxe4 19. d5 Bxd5 20. Nxd5 exd5 21. Qxd5 Rc8
22. Be3 Qc7 23. g5 hxg5 24. Nxg5 Nf6 25. Qf5 g6 26. Qb1 Rce8 27. a4 Bd8 28.
axb5 axb5 29. Qc2 d5 30. Qf2 Kg7 31. Red1 Rh8 32. Ra6 Qd7 33. f5 gxf5 34. Qg3
Nh5 35. Ne6+ Kh7 36. Ng5+ Kg6 37. Qf2 Nf6 38. Bf3 Qb7 39. Rda1 Rxe3 40. Qxe3
Nb8 41. Rxf6+ Bxf6 42. Ra7 d4 43. Rxb7 dxe3 44. Nxf7 Rxh3 45. Kg2 Rh4 46. Rxb8
Kxf7 47. Rxb5 Kg6 48. Rb6 Kg5 49. Re6 f4 50. Re8 Rh7 51. Be4 Rd7 52. Kf3
1/2-1/2

[Event "8MCR_4D_1L_3S"]
[Site "?"]
[Date "2008.??.??"]
[Round "?"]
[White "Ertl, Lubos"]
[Black "Splichal, Josef"]
[Result "1-0"]
[WhiteElo "1889"]
[BlackElo "2140"]
[PlyCount "153"]
[EventDate "2008.??.??"]
[EventType "corr"]

1. e4 e5 2. Nf3 Nc6 3. Bb5 Nf6 4. O-O Nxe4 5. d4 Nd6 6. Bxc6 dxc6 7. dxe5 Nf5
8. Qxd8+ Kxd8 9. Rd1+ Ke8 10. Nc3 h6 11. h3 Be6 12. b3 Be7 13. g4 Nh4 14. Nxh4
Bxh4 15. Ne2 Rd8 16. Be3 g6 17. Nf4 Bd7 18. Rd3 b6 19. Rad1 Bc8 20. Rxd8+ Bxd8
21. Kg2 h5 22. f3 Bh4 23. a4 Ke7 24. a5 Rd8 25. Ra1 hxg4 26. hxg4 Re8 27. b4
Kf8 28. axb6 axb6 29. Ra7 Bd8 30. Bd4 Kg8 31. c4 Bg5 32. Kg3 Bd8 33. c5 Kf8 34.
Ne2 b5 35. Bc3 Be6 36. Nf4 Ke7 37. Nxe6 Kxe6 38. f4 Rh8 39. Ra1 Bh4+ 40. Kf3
Kd5 41. Rd1+ Kc4 42. Bd2 Be7 43. Be1 Rh3+ 44. Ke4 Bh4 45. Rd4+ Kb3 46. Bd2 Rh1
47. f5 Rg1 48. Kf3 Rg3+ 49. Ke2 Rg2+ 50. Kd3 Rg3+ 51. Be3 Bg5 52. Re4 gxf5 53.
gxf5 Rh3 54. f6 Ka3 55. Kd4 Bh4 56. Rg4 Kxb4 57. Rg7 Be1 58. Bf4 Bc3+ 59. Ke4
Rh4 60. Kf5 Rh5+ 61. Kg4 Rxe5 62. Bxe5 Bxe5 63. Rxf7 Kxc5 64. Rf8 Bxf6 65. Rxf6
Kd4 66. Kf3 Kd3 67. Kf2 Kd2 68. Re6 c5 69. Re2+ Kd3 70. Ke1 b4 71. Kd1 c4 72.
Re7 c5 73. Rd7+ Ke4 74. Kc2 Ke5 75. Rh7 Ke4 76. Rh4+ Kd5 77. Kb2 1-0

[Event "8MCR_4D_1L_3S"]
[Site "?"]
[Date "2008.??.??"]
[Round "?"]
[White "Gubas, Jan"]
[Black "Canibal, Jaromir"]
[Result "1/2-1/2"]
[WhiteElo "2317"]
[BlackElo "2236"]
[PlyCount "39"]
[EventDate "2008.??.??"]
[EventType "corr"]

1. e4 e5 2. Nf3 Nf6 3. d4 Nxe4 4. Bd3 d5 5. Nxe5 Nd7 6. Nxd7 Bxd7 7. O-O Bd6 8.
c4 c6 9. cxd5 cxd5 10. Qh5 O-O 11. Qxd5 Bc6 12. Qh5 g6 13. Qh3 Ng5 14. Qg4 Ne6
15. Bh6 Bf4 16. Bxf4 Qxd4 17. Nc3 Qxf4 18. Qg3 Rad8 19. Rfd1 Qf6 20. Re1
1/2-1/2

[Event "8MCR_4D_1L_3S"]
[Site "?"]
[Date "2008.??.??"]
[Round "?"]
[White "Gubas, Jan"]
[Black "Hala, Martin"]
[Result "1-0"]
[WhiteElo "2317"]
[BlackElo "2312"]
[PlyCount "131"]
[EventDate "2008.??.??"]
[EventType "corr"]

1. e4 e5 2. Nf3 Nc6 3. Bb5 f5 4. Nc3 fxe4 5. Nxe4 Nf6 6. Qe2 d5 7. Nxf6+ gxf6
8. d4 Bg7 9. dxe5 O-O 10. e6 Ne5 11. Bf4 Qd6 12. O-O Qxe6 13. Rfe1 c6 14. Nd4
Qg4 15. Qxg4 Bxg4 16. Be2 Bd7 17. Rad1 Rae8 18. Bh5 Nf7 19. c3 Rxe1+ 20. Rxe1
Ne5 21. Bg3 c5 22. f4 Nd3 23. Re7 Rd8 24. Ne6 Bxe6 25. Rxe6 Nxb2 26. Re7 b5 27.
Rxa7 Na4 28. Bf2 f5 29. Bf7+ Kh8 30. Kf1 h6 31. Bh4 Rf8 32. Bxd5 Nxc3 33. Be6
Bf6 34. Ra8 Bg7 35. Rxf8+ Bxf8 36. Bf6+ Bg7 37. Bxc3 Bxc3 38. Bxf5 Bd2 39. g3
Kg7 40. Ke2 Bc1 41. Bd7 b4 42. Be6 Kf6 43. Bc4 Kg6 44. Kf3 Bd2 45. Bb3 Kf6 46.
Kf2 Kf5 47. Bd5 Kf6 48. Ke2 Bc1 49. Kd3 Kf5 50. Bf3 Kf6 51. Bd1 Kf5 52. Be2 Kf6
53. Bg4 Kg6 54. Bc8 Kf6 55. Bd7 Kg6 56. h3 Kf6 57. Bg4 Kg6 58. Be6 Kf6 59. Bc4
Kf5 60. Bb5 Kf6 61. Ke2 Kf5 62. Kf3 Bd2 63. g4+ Kf6 64. h4 Be1 65. g5+ Kg6 66.
Bd3+ 1-0

[Event "8MCR_4D_1L_3S"]
[Site "?"]
[Date "2008.??.??"]
[Round "?"]
[White "Gubas, Jan"]
[Black "Hladecek, Miloslav"]
[Result "1/2-1/2"]
[WhiteElo "2317"]
[BlackElo "2342"]
[PlyCount "77"]
[EventDate "2008.??.??"]
[EventType "corr"]

1. e4 e5 2. Nf3 Nc6 3. Bb5 a6 4. Ba4 Nf6 5. O-O Be7 6. Re1 d6 7. c3 O-O 8. d4
Bd7 9. d5 Nb8 10. c4 Bg4 11. h3 Bh5 12. Nc3 Nfd7 13. Bc2 a5 14. Be3 h6 15. Qe2
Na6 16. a3 Bxf3 17. Qxf3 Bg5 18. Rab1 Bxe3 19. Rxe3 Qh4 20. b4 Rfc8 21. Na4
axb4 22. axb4 Rcb8 23. Nc3 Rf8 24. Ne2 f5 25. exf5 Qxc4 26. Bd3 Qh4 27. Re4 Qf6
28. Ng3 Qf7 29. Rh4 Nab8 30. Rc1 Nf6 31. Ne4 Ne8 32. Qg3 Ra3 33. Rc3 Rxc3 34.
Nxc3 Kh8 35. Qe3 Qe7 36. g3 Nd7 37. Bc2 Nb6 38. Be4 Qf7 39. Qd2 1/2-1/2

[Event "8MCR_4D_1L_3S"]
[Site "?"]
[Date "2008.??.??"]
[Round "?"]
[White "Gubas, Jan"]
[Black "Kasik, Miroslav"]
[Result "1-0"]
[WhiteElo "2317"]
[BlackElo "2135"]
[PlyCount "65"]
[EventDate "2008.??.??"]
[EventType "corr"]

1. e4 e5 2. Nf3 Nc6 3. Bb5 a6 4. Ba4 Nf6 5. O-O Nxe4 6. d4 b5 7. Bb3 d5 8. dxe5
Be6 9. Nbd2 Nc5 10. c3 Nxb3 11. Nxb3 Be7 12. Nfd4 Qd7 13. f4 Nxd4 14. Nxd4 c5
15. Nxe6 Qxe6 16. f5 Qxe5 17. f6 gxf6 18. Re1 Qd6 19. Qf3 O-O-O 20. a4 Rhe8 21.
axb5 axb5 22. Bf4 Qc6 23. Qh3+ Kb7 24. Qxh7 f5 25. Qxf7 Qf6 26. Qh5 c4 27. Be3
Bf8 28. Ra7+ Kc8 29. Rf7 Qe5 30. Bf2 Qxe1+ 31. Bxe1 Rxe1+ 32. Kf2 Re5 33. Qg6
1-0

[Event "8MCR_4D_1L_3S"]
[Site "?"]
[Date "2008.??.??"]
[Round "?"]
[White "Gubas, Jan"]
[Black "Motejzik, Jaroslav"]
[Result "1-0"]
[WhiteElo "2317"]
[BlackElo "2068"]
[PlyCount "63"]
[EventDate "2008.??.??"]
[EventType "corr"]

1. e4 e6 2. d4 d5 3. Nd2 Nf6 4. e5 Nfd7 5. Ngf3 c5 6. c3 Nc6 7. Bd3 Qb6 8. O-O
g6 9. Re1 Bg7 10. dxc5 Nxc5 11. Nb3 Nxd3 12. Qxd3 O-O 13. Bg5 Bd7 14. Qd2 Qc7
15. Bf6 Rae8 16. Qg5 Bc8 17. Rad1 h6 18. Qh4 Kh7 19. Re3 Rh8 20. Nbd4 a6 21. c4
Bxf6 22. exf6 e5 23. cxd5 Nxd4 24. Rxd4 Qc1+ 25. Re1 Qxe1+ 26. Nxe1 exd4 27.
Nf3 d3 28. Qd4 Re2 29. Qxd3 Rxb2 30. h3 Re8 31. Qc3 Rb6 32. Ne5 1-0

[Event "8MCR_4D_1L_3S"]
[Site "?"]
[Date "2008.??.??"]
[Round "?"]
[White "Gubas, Jan"]
[Black "Peroutik, Jiri"]
[Result "1-0"]
[WhiteElo "2317"]
[BlackElo "1845"]
[PlyCount "53"]
[EventDate "2008.??.??"]
[EventType "corr"]

1. e4 e6 2. d4 d5 3. Nd2 Nf6 4. e5 Nfd7 5. Ngf3 c5 6. c3 b6 7. Bb5 a6 8. Bd3
Nc6 9. O-O b5 10. Re1 Be7 11. dxc5 Nxc5 12. Bc2 Bb7 13. Nd4 Qc7 14. Nxc6 Bxc6
15. Qg4 O-O 16. Nf3 Rfc8 17. Ng5 h6 18. Nxf7 Kxf7 19. Qg6+ Kf8 20. Re3 d4 21.
cxd4 Na4 22. Bb3 Bd5 23. Bxd5 exd5 24. Rf3+ Kg8 25. Bxh6 Bh4 26. Qe6+ Kh7 27.
Be3 1-0

[Event "8MCR_4D_1L_3S"]
[Site "?"]
[Date "2008.??.??"]
[Round "?"]
[White "Gubas, Jan"]
[Black "Pirhala, Ladislav"]
[Result "1-0"]
[WhiteElo "2317"]
[BlackElo "2102"]
[PlyCount "103"]
[EventDate "2008.??.??"]
[EventType "corr"]

1. e4 c5 2. Nf3 d6 3. Nc3 Nc6 4. d4 cxd4 5. Nxd4 Nf6 6. Bg5 e6 7. Qd2 a6 8.
O-O-O Bd7 9. f3 Be7 10. h4 h6 11. Be3 Qc7 12. g4 b5 13. Bd3 Ne5 14. g5 Nh5 15.
Kb1 Nxd3 16. Qxd3 b4 17. Nce2 Rc8 18. Rc1 Qc4 19. Qd2 e5 20. Nf5 Bxf5 21. exf5
a5 22. Rhg1 Qc6 23. Rgf1 Qc4 24. c3 b3 25. a3 a4 26. Rcd1 Rd8 27. Rg1 Qc6 28.
Qd5 Qxd5 29. Rxd5 Kd7 30. Kc1 hxg5 31. hxg5 Kc6 32. c4 Nf4 33. Bxf4 exf4 34.
Kd2 Rh3 35. Nd4+ Kb7 36. f6 gxf6 37. g6 fxg6 38. Rxg6 Rh7 39. Rb5+ Ka6 40. Rb4
d5 41. Rxa4+ Kb6 42. Kc3 Rh3 43. Kxb3 Rh7 44. Nf5 dxc4+ 45. Kxc4 Rf8 46. Kc3
Bd8 47. Rb4+ Ka6 48. Rxf4 Bc7 49. Re4 Rh5 50. Re6+ Kb7 51. Nd6+ Bxd6 52. Rxd6
1-0

[Event "8MCR_4D_1L_3S"]
[Site "?"]
[Date "2008.??.??"]
[Round "?"]
[White "Hala, Martin"]
[Black "Cerveny, Libor"]
[Result "1/2-1/2"]
[WhiteElo "2312"]
[BlackElo "2043"]
[PlyCount "43"]
[EventDate "2008.??.??"]
[EventType "corr"]

1. e4 e6 2. d4 d5 3. e5 c5 4. c3 Nc6 5. Nf3 Bd7 6. a3 Nge7 7. b4 cxd4 8. cxd4
Nf5 9. Bb2 Be7 10. Nc3 O-O 11. Bd3 Nh4 12. Nxh4 Bxh4 13. O-O f5 14. Ne2 Rc8 15.
Qd2 a6 16. Rac1 Bg5 17. f4 Be7 18. Rc2 Na7 19. Rfc1 Qb6 20. Rxc8 Rxc8 21. Rxc8+
Nxc8 22. Qc2 1/2-1/2

[Event "8MCR_4D_1L_3S"]
[Site "?"]
[Date "2008.??.??"]
[Round "?"]
[White "Hala, Martin"]
[Black "Ertl, Lubos"]
[Result "1/2-1/2"]
[WhiteElo "2312"]
[BlackElo "1889"]
[PlyCount "73"]
[EventDate "2008.??.??"]
[EventType "corr"]

1. e4 e5 2. Nf3 Nc6 3. Bb5 a6 4. Ba4 Nf6 5. O-O Be7 6. Re1 b5 7. Bb3 d6 8. c3
O-O 9. h3 Na5 10. Bc2 c5 11. d4 Qc7 12. Nbd2 cxd4 13. cxd4 Nc6 14. a3 Bd7 15.
b4 Rfc8 16. Bb3 a5 17. d5 Nb8 18. Bb2 Na6 19. Rc1 Qa7 20. Bc3 axb4 21. axb4 Bd8
22. Nf1 Bb6 23. Qd2 Rc7 24. Ng3 Rac8 25. Bb2 Nxb4 26. Qxb4 Bxf2+ 27. Kh2 Bxe1
28. Rxe1 Ne8 29. Qd2 b4 30. Nh4 g6 31. Rf1 f6 32. Bd1 Bb5 33. Rg1 Qa5 34. Bg4
Bd7 35. Bd1 Ng7 36. Rf1 Rf8 37. Bb3 1/2-1/2

[Event "8MCR_4D_1L_3S"]
[Site "?"]
[Date "2008.??.??"]
[Round "?"]
[White "Hala, Martin"]
[Black "Hladecek, Miloslav"]
[Result "0-1"]
[WhiteElo "2312"]
[BlackElo "2342"]
[PlyCount "78"]
[EventDate "2008.??.??"]
[EventType "corr"]

1. e4 e5 2. Nf3 Nc6 3. Bb5 a6 4. Ba4 Nf6 5. O-O Be7 6. Re1 d6 7. c3 O-O 8. h3
b5 9. Bb3 Na5 10. Bc2 c5 11. d4 Qc7 12. Nbd2 cxd4 13. cxd4 Bb7 14. d5 Rac8 15.
Bd3 Nd7 16. Nf1 f5 17. Ng3 f4 18. Nf5 Rxf5 19. exf5 Nf6 20. Ng5 Bxd5 21. Be4
Bc6 22. Ne6 Qd7 23. Bxc6 Nxc6 24. Qb3 d5 25. Bd2 Bd6 26. Rac1 Re8 27. Bc3 Kh8
28. Qc2 g6 29. Nxf4 gxf5 30. Nd3 b4 31. Bd2 Nd4 32. Qd1 Qg7 33. Kh1 Ne4 34. Be3
Rg8 35. Rg1 Nc6 36. Qb3 Qb7 37. Qd1 f4 38. Bd2 Nd4 39. Be1 f3 0-1

[Event "8MCR_4D_1L_3S"]
[Site "?"]
[Date "2008.??.??"]
[Round "?"]
[White "Hala, Martin"]
[Black "Portych, Vaclav"]
[Result "1-0"]
[WhiteElo "2312"]
[BlackElo "2187"]
[PlyCount "41"]
[EventDate "2008.??.??"]
[EventType "corr"]

1. e4 c5 2. Nf3 Nc6 3. Nc3 d6 4. d4 cxd4 5. Nxd4 Nf6 6. Bg5 e5 7. Bxf6 gxf6 8.
Nf5 Bxf5 9. exf5 Bg7 10. Bc4 O-O 11. Qg4 Rc8 12. O-O-O Nd4 13. Bb3 b5 14. Rhe1
a5 15. Re3 Kh8 16. Rh3 a4 17. Rdd3 Qd7 18. Rh5 h6 19. Rg3 Rg8 20. Rgh3 Nxf5 21.
Bxf7 1-0

[Event "8MCR_4D_1L_3S"]
[Site "?"]
[Date "2008.??.??"]
[Round "?"]
[White "Hala, Martin"]
[Black "Splichal, Josef"]
[Result "0-1"]
[WhiteElo "2312"]
[BlackElo "2140"]
[PlyCount "54"]
[EventDate "2008.??.??"]
[EventType "corr"]

1. e4 e5 2. Nf3 Nc6 3. Bb5 Nf6 4. O-O Nxe4 5. d4 Nd6 6. Bxc6 dxc6 7. dxe5 Nf5
8. Qxd8+ Kxd8 9. Nc3 h6 10. h3 Be6 11. g4 Ne7 12. Nd4 Bd7 13. Rd1 c5 14. Nde2
Kc8 15. Bf4 g5 16. Bg3 Bc6 17. f4 b5 18. f5 h5 19. Re1 Kb7 20. Kf2 a6 21. Ng1
Ng8 22. Ne4 Nh6 23. Kf3 c4 24. Rad1 Re8 25. a4 Bc5 26. axb5 axb5 27. c3 Kb6 0-1

[Event "8MCR_4D_1L_3S"]
[Site "?"]
[Date "2008.??.??"]
[Round "?"]
[White "Hala, Martin"]
[Black "Sykora, Josef"]
[Result "0-1"]
[WhiteElo "2312"]
[BlackElo "2352"]
[PlyCount "68"]
[EventDate "2008.??.??"]
[EventType "corr"]

1. e4 c5 2. Nf3 d6 3. d4 cxd4 4. Nxd4 Nf6 5. Nc3 a6 6. Bg5 Nbd7 7. Qd2 e6 8.
O-O-O b5 9. f3 Bb7 10. g4 h6 11. Bxf6 Nxf6 12. Kb1 Be7 13. Bd3 Nd7 14. f4 Qb6
15. Nb3 Nc5 16. Rhf1 O-O 17. Qe3 b4 18. Ne2 a5 19. h4 a4 20. Nxc5 Qxc5 21. Qxc5
dxc5 22. g5 hxg5 23. hxg5 Rfc8 24. b3 axb3 25. axb3 Ra3 26. Ng3 g6 27. Kb2 Rca8
28. e5 Bg2 29. Rfe1 Ra2+ 30. Kc1 Bf3 31. Ne2 Bd5 32. Bc4 Be4 33. Bd3 c4 34.
bxc4 Bf3 0-1

[Event "8MCR_4D_1L_3S"]
[Site "?"]
[Date "2008.??.??"]
[Round "?"]
[White "Hladecek, Miloslav"]
[Black "Cerveny, Libor"]
[Result "1-0"]
[WhiteElo "2342"]
[BlackElo "2043"]
[PlyCount "93"]
[EventDate "2008.??.??"]
[EventType "corr"]

1. e4 e6 2. d4 d5 3. Nc3 Bb4 4. e5 c5 5. a3 Ba5 6. Bd2 cxd4 7. Nb5 Nc6 8. f4
Nh6 9. Nd6+ Kf8 10. Bd3 Bc7 11. Nxc8 Rxc8 12. Qh5 Qe8 13. Nf3 f5 14. Qxe8+ Kxe8
15. b4 Bd8 16. h3 Kf7 17. O-O Re8 18. Kh1 Kg8 19. Rg1 Nf7 20. Rab1 Kh8 21. Rge1
Bb6 22. a4 Kg8 23. a5 Bd8 24. a6 Bb6 25. axb7 Rc7 26. g4 Ne7 27. b5 Rxb7 28.
Ra1 Nh6 29. g5 Nf7 30. Kh2 Rc8 31. Ra6 Ng6 32. h4 h6 33. h5 Nf8 34. g6 Nd8 35.
Ba5 Nd7 36. Bxb6 axb6 37. Rea1 Kf8 38. Ra7 Nc5 39. Nxd4 Ke7 40. Rxb7+ Ndxb7 41.
Ra7 Rc7 42. Ra8 Nd8 43. Bxf5 exf5 44. Nxf5+ Kd7 45. Nxg7 Nce6 46. Nxe6 Nxe6 47.
f5 1-0

[Event "8MCR_4D_1L_3S"]
[Site "?"]
[Date "2008.??.??"]
[Round "?"]
[White "Hladecek, Miloslav"]
[Black "Ertl, Lubos"]
[Result "1/2-1/2"]
[WhiteElo "2342"]
[BlackElo "1889"]
[PlyCount "100"]
[EventDate "2008.??.??"]
[EventType "corr"]

1. e4 e5 2. Nf3 Nc6 3. Bb5 a6 4. Ba4 Nf6 5. O-O Be7 6. Re1 b5 7. Bb3 d6 8. c3
O-O 9. d4 Bg4 10. Be3 exd4 11. cxd4 Na5 12. Bc2 c5 13. Nc3 Nc4 14. Qe2 Nxb2 15.
Bb3 c4 16. Qxb2 cxb3 17. Qxb3 Rc8 18. Rac1 Qd7 19. Nd2 Qb7 20. h3 Bd7 21. d5
Rc7 22. Ne2 Rfc8 23. Rxc7 Rxc7 24. Rb1 Qc8 25. Rb2 Qa8 26. Rc2 Qc8 27. Rb2 Qa8
28. Nd4 Bd8 29. Qd3 h6 30. Ne2 Ne8 31. Rb1 Bf6 32. Rb3 Qc8 33. a3 Rc2 34. Nf3
Qc4 35. Nfd4 Qxd3 36. Rxd3 Rc4 37. f3 Kh7 38. Kf2 Bh4+ 39. Kf1 Bf6 40. Rc3 Ra4
41. Ke1 g6 42. Kd2 Be5 43. Rb3 f5 44. Kd3 fxe4+ 45. fxe4 g5 46. Nc3 Rc4 47. a4
bxa4 48. Rb6 Rc5 49. Rxa6 Nc7 50. Rb6 Bc8 1/2-1/2

[Event "8MCR_4D_1L_3S"]
[Site "?"]
[Date "2008.??.??"]
[Round "?"]
[White "Hladecek, Miloslav"]
[Black "Houdek, Vladimir"]
[Result "1-0"]
[WhiteElo "2342"]
[BlackElo "2139"]
[PlyCount "89"]
[EventDate "2008.??.??"]
[EventType "corr"]

1. e4 e5 2. Nf3 Nc6 3. Bb5 a6 4. Ba4 Nf6 5. O-O Be7 6. Re1 b5 7. Bb3 d6 8. c3
O-O 9. d4 Bg4 10. Be3 exd4 11. cxd4 d5 12. e5 Ne4 13. Nc3 Nxc3 14. bxc3 Na5 15.
Bc2 Bh5 16. Bf5 Bg6 17. Bxg6 fxg6 18. a4 c6 19. axb5 axb5 20. Qc2 Rf5 21. Nd2
Rf8 22. Ra2 Nc4 23. Nxc4 bxc4 24. Rea1 Rxa2 25. Qxa2 Qc7 26. Qa7 Rc8 27. h3 h6
28. f4 Bh4 29. Qxc7 Rxc7 30. Bf2 Be7 31. Kf1 Kf7 32. Ra6 Bd8 33. g3 Ke6 34. g4
Rc8 35. Be3 Rc7 36. Ke1 Be7 37. Ke2 Bd8 38. Bc1 Be7 39. Ra8 Rb7 40. Rc8 Rb1 41.
Kd2 Rb6 42. Rc7 Ra6 43. f5+ Kf7 44. Kc2 Ke8 45. e6 1-0

[Event "8MCR_4D_1L_3S"]
[Site "?"]
[Date "2008.??.??"]
[Round "?"]
[White "Hladecek, Miloslav"]
[Black "Hrdy, Roman"]
[Result "1/2-1/2"]
[WhiteElo "2342"]
[BlackElo "2259"]
[PlyCount "100"]
[EventDate "2008.??.??"]
[EventType "corr"]

1. e4 c5 2. Nf3 d6 3. d4 cxd4 4. Nxd4 Nf6 5. Nc3 a6 6. Be2 e5 7. Nb3 Be7 8. O-O
O-O 9. Qd3 Nbd7 10. Qg3 Kh8 11. a4 b6 12. Bc4 Bb7 13. Qd3 Qc7 14. Rd1 Kg8 15.
Bg5 Rfc8 16. Bxf6 Nxf6 17. Nd2 d5 18. exd5 Bb4 19. Bb3 Bxc3 20. bxc3 Qxc3 21.
Nc4 Qxd3 22. Rxd3 Nd7 23. Re1 Rd8 24. Nxe5 Nc5 25. d6 Nxd3 26. Nxf7 Nxe1 27.
Nxd8+ Kf8 28. Nxb7 Ke8 29. Kf1 Rb8 30. Bd5 Nxc2 31. Bc6+ Kf7 32. d7 Ke7 33.
d8=Q+ Rxd8 34. Nxd8 Kxd8 35. Be4 Nd4 36. Bxh7 b5 37. axb5 axb5 38. Ke1 Ke7 39.
Kd2 Kf6 40. Ke3 Ke5 41. f4+ Kd5 42. h4 b4 43. h5 b3 44. g4 Ne6 45. g5 Kd6 46.
Bf5 b2 47. h6 gxh6 48. gxh6 Nd8 49. h7 Nf7 50. Be4 Ke6 1/2-1/2

[Event "8MCR_4D_1L_3S"]
[Site "?"]
[Date "2008.??.??"]
[Round "?"]
[White "Hladecek, Miloslav"]
[Black "Portych, Vaclav"]
[Result "1-0"]
[WhiteElo "2342"]
[BlackElo "2187"]
[PlyCount "59"]
[EventDate "2008.??.??"]
[EventType "corr"]

1. e4 c5 2. Nf3 Nc6 3. d4 cxd4 4. Nxd4 Nf6 5. Nc3 e5 6. Ndb5 d6 7. Nd5 Nxd5 8.
exd5 Nb8 9. Bd3 Be7 10. Qh5 a6 11. Nc3 Nd7 12. O-O Nc5 13. f4 Nxd3 14. cxd3
exf4 15. Bxf4 O-O 16. Rae1 Bd7 17. Re3 Qb6 18. Kh1 Rae8 19. b3 Qd4 20. Ne2 Qb4
21. a3 Qxb3 22. Bh6 Bf6 23. Rg3 g6 24. Nf4 Re3 25. Nxg6 Rxg3 26. Nxf8 Bg4 27.
Nd7 Bxh5 28. Nxf6+ Kh8 29. hxg3 Qxd3 30. Rc1 1-0

[Event "8MCR_4D_1L_3S"]
[Site "?"]
[Date "2008.??.??"]
[Round "?"]
[White "Hladecek, Miloslav"]
[Black "Splichal, Josef"]
[Result "1/2-1/2"]
[WhiteElo "2342"]
[BlackElo "2140"]
[PlyCount "78"]
[EventDate "2008.??.??"]
[EventType "corr"]

1. e4 e5 2. Nf3 Nc6 3. Bb5 Nf6 4. O-O Nxe4 5. Re1 Nd6 6. Nxe5 Be7 7. Bf1 Nxe5
8. Rxe5 O-O 9. d4 Bf6 10. Re1 Re8 11. c3 Rxe1 12. Qxe1 Qe8 13. Qe2 Qxe2 14.
Bxe2 Nf5 15. Bf4 d6 16. Nd2 Bd7 17. Ne4 Bh4 18. Bg4 Re8 19. f3 g6 20. d5 Bb5
21. b3 Bd3 22. g3 Bd8 23. Re1 Ng7 24. Bd7 Re7 25. Bc8 Nh5 26. Bh6 f5 27. g4
fxe4 28. gxh5 exf3 29. Be6+ Rxe6 30. Rxe6 Kf7 31. Re3 Be2 32. Re4 g5 33. h4 g4
34. Rf4+ Ke8 35. Rf8+ Kd7 36. Bg5 Bxg5 37. hxg5 Ke7 38. Rf4 g3 39. Kh1 f2
1/2-1/2

[Event "8MCR_4D_1L_3S"]
[Site "?"]
[Date "2008.??.??"]
[Round "?"]
[White "Hladecek, Miloslav"]
[Black "Sykora, Josef"]
[Result "1/2-1/2"]
[WhiteElo "2342"]
[BlackElo "2352"]
[PlyCount "81"]
[EventDate "2008.??.??"]
[EventType "corr"]

1. e4 c5 2. Nf3 d6 3. d4 cxd4 4. Nxd4 Nf6 5. Nc3 a6 6. Be2 e6 7. f4 Be7 8. Be3
Qc7 9. O-O Nc6 10. Qe1 O-O 11. Qg3 Nxd4 12. Bxd4 b5 13. Kh1 Bb7 14. a3 Rad8 15.
Rad1 Bc6 16. Rfe1 Qb7 17. Bf3 Kh8 18. Rd3 Rg8 19. e5 dxe5 20. Bxc6 Qxc6 21.
fxe5 Nd5 22. Qf2 Rgf8 23. Nxd5 Rxd5 24. Rf3 Bc5 25. c3 Bxd4 26. cxd4 Kg8 27. h3
Rd7 28. Rf1 Qc4 29. Rf4 Qc7 30. Rg4 Rc8 31. Qf6 g6 32. Kh2 Qd8 33. Qf3 Re7 34.
Rf4 Qe8 35. Rf6 Rcc7 36. Qe3 Qa8 37. R6f4 Rc2 38. R1f2 Rxf2 39. Qxf2 Rc7 40.
Qd2 Qc8 41. Rf2 1/2-1/2